000
00294nam a2200133 a 4500
008
090930s1973|||| d
100
1
_a
Aubryová, C.
245
1
0
_a
Sebastian medzi ľudmi
020
_c
25
260
_b
Pravda
_a
Bratislava
_c
1973
041
_a
slo
044
_a
xo
_c
SK
958
_a
AUL
999
_c
28
_d
28